| 000 | 00920nam a2200289Ia 4500 | ||
|---|---|---|---|
| 003 | OSt | ||
| 005 | 20221007110922.0 | ||
| 006 | a|||||r|||| 00| 0 | ||
| 007 | ta | ||
| 008 | 221006b |||||||| |||| 00| 0 eng d | ||
| 024 | _a22,142 | ||
| 037 | _cTextual | ||
| 040 |
_aLCO _cLCO _beng |
||
| 041 |
_2eng _aeng |
||
| 082 | _aX7295qN62, L0 | ||
| 100 |
_aNanda A.N. _9274743 |
||
| 245 | 0 |
_aCommentary on the Customs Act _b Act No. 52 of 1962 |
|
| 250 | _a3rd | ||
| 260 |
_aDelhi _bFederal Law Deport India _c1970 |
||
| 300 | _a527+xii | ||
| 500 | _aExhaustive and Critical Commentary on the Customs Act, 1962 as ammended up-to-date with up-to-date Rules, Notifications and Forms | ||
| 650 |
_aCUSTOMS _9701754 |
||
| 700 | _a Bahl S.L. | ||
| 700 |
_a Brijbans Kishore _9707985 |
||
| 942 |
_hX7295qN62, L0 _cTEXL |
||
| 999 |
_c1191705 _d1191705 |
||